UM Logo
Normal view MARC view
  • Education

Entry Topical Term

Number of records used in: 1

001 - CONTROL NUMBER

  • control field: 41115

003 - CONTROL NUMBER IDENTIFIER

  • control field: OSt

005 - DATE AND TIME OF LATEST TRANSACTION

  • control field: 20200109114847.0

008 - FIXED-LENGTH DATA ELEMENTS

  • fixed length control field: 200109|| aca||aabn | a|a d

040 ## - CATALOGING SOURCE

  • Original cataloging agency: OSt
  • Transcribing agency: OSt

150 ## - HEADING--TOPICAL TERM

  • Topical term or geographic name entry element: Education
  • Form subdivision: Mathematics
  • General subdivision: Undergraduate thesis:

670 ## - SOURCE DATA FOUND

  • Source citation: Work cat.: (OSt): Jonathan D. Padayao 41114, The mediating role of math anxiety towards math self-concept and math performance of grade 12 humms students in the private schools in Digos City:, December 2019